| 000 | 00400pab a2200157 454500 | ||
|---|---|---|---|
| 008 | 180718b1995 xxu||||| |||| 00| 0 eng d | ||
| 100 | _aDiwan, Romesh | ||
| 245 |
_aForeign capital _beconomic reform or swadeshi. |
||
| 260 | _c1995 | ||
| 300 | _ap.8 | ||
| 362 | _a4 Nov | ||
| 650 | _aEconomic development - India | ||
| 650 | _aInvestments, Foreign - India | ||
| 773 | _aStatesman | ||
| 909 | _a30497 | ||
| 999 |
_c30497 _d30497 |
||